[Event "NM Junior Gruppe D 2002"]
[Site "Tjele"]
[Date "2002.02.14"]
[Round "1"]
[White "Blomqvist, Erik"]
[Black "Skjoldan, Benjamin"]
[Result "0-1"]
[WhiteElo "1634"]
[BlackElo "1762"]
[PlyCount "108"]
[EventDate "2002.??.??"]

1. d4 Nf6 2. c4 g6 3. Nc3 Bg7 4. e4 d6 5. Nf3 O-O 6. h3 Nbd7 7. Be3 e5 8. d5 a5
9. Bd3 b6 10. O-O Nc5 11. Bxc5 bxc5 12. Nb5 Nh5 13. a3 Nf4 14. Bc2 f5 15. Kh2
Bd7 16. a4 Rf6 17. b3 c6 18. Nc3 cxd5 19. Nxd5 Nxd5 20. Qxd5+ Be6 21. Qd2 Qc7
22. Rad1 Bf7 23. Ng5 Bh6 24. h4 Bf8 25. Nxf7 Qxf7 26. f3 f4 27. Qd5 Qxd5 28.
exd5 Be7 29. Be4 Rb8 30. Rb1 Rff8 31. g3 fxg3+ 32. Kxg3 Kg7 33. Rh1 h5 34. Rb2
Rf4 35. Rbb1 Kh6 36. Rb2 g5 37. hxg5+ Bxg5 38. Kf2 Rh4 39. Rxh4 Bxh4+ 40. Kg2
Rg8+ 41. Kh3 Bg3 42. Rg2 h4 43. Re2 Kg5 44. Re3 Kf4 45. Rd3 Bf2 46. Kh2 Rg3 47.
Kh1 h3 48. Kh2 Bg1+ 49. Kh1 Rg2 50. Bh7 Be3 51. Bf5 Ra2 52. Rxe3 Kxe3 53. Bxh3
Kxf3 54. Bf1 Kg3 0-1

[Event "NM Junior Gruppe D 2002"]
[Site "Tjele"]
[Date "2002.02.14"]
[Round "1"]
[White "Carlsen, Magnus"]
[Black "Fogh, Jens Olaf Svanholm"]
[Result "1-0"]
[WhiteElo "2127"]
[BlackElo "1200"]
[PlyCount "103"]
[EventDate "2002.??.??"]

1. e4 d5 2. exd5 Qxd5 3. Nc3 Qa5 4. d4 Nf6 5. Bd2 Bf5 6. Qf3 c6 7. Nb5 Qb6 8.
Qxf5 cxb5 9. Qc8+ Qd8 10. Bxb5+ Nbd7 11. Qxb7 e6 12. Nf3 Bd6 13. Ne5 Rb8 14.
Qa6 Bxe5 15. dxe5 Nd5 16. Ba5 Qc8 17. Qxc8+ Rxc8 18. c4 Nc7 19. Bxc7 Rxc7 20.
O-O-O Ke7 21. Rxd7+ Rxd7 22. Bxd7 Kxd7 23. Rd1+ Ke7 24. Kc2 Rc8 25. Kc3 Rc5 26.
f4 g5 27. b4 Rc8 28. fxg5 Rg8 29. h4 Rh8 30. c5 h6 31. gxh6 Rxh6 32. g3 Rg6 33.
Rd3 Rg8 34. c6 a6 35. a4 Rc8 36. b5 axb5 37. axb5 f5 38. Rd7+ Ke8 39. Rh7 Kd8
40. Rh8+ Kc7 41. b6+ Kb8 42. c7+ Kb7 43. Rxc8 Kxc8 44. h5 f4 45. gxf4 Kb7 46.
h6 Kc8 47. h7 Kb7 48. h8=Q Kc6 49. c8=Q+ Kb5 50. Qhe8+ Ka5 51. Qa8+ Kxb6 52.
Qec6# 1-0

[Event "NM Junior Gruppe D 2002"]
[Site "Tjele"]
[Date "2002.02.14"]
[Round "1"]
[White "Dragicevic, Drazen"]
[Black "Skovgaard, Peter Nicolai"]
[Result "1/2-1/2"]
[WhiteElo "1966"]
[BlackElo "1615"]
[PlyCount "56"]
[EventDate "2002.??.??"]

1. e4 c5 2. Nf3 d6 3. d4 cxd4 4. Nxd4 Nf6 5. Nc3 g6 6. Be3 Bg7 7. f3 O-O 8. Qd2
Nc6 9. O-O-O Bd7 10. g4 Qa5 11. Nb3 Qc7 12. h4 Ne5 13. Be2 b5 14. h5 Nc4 15.
Bxc4 bxc4 16. Nd4 Rfb8 17. hxg6 fxg6 18. g5 Nh5 19. Nd5 Qb7 20. c3 e6 21. Nf6+
Nxf6 22. gxf6 Bxf6 23. Rdg1 e5 24. Nf5 Bxf5 25. exf5 Qxf3 26. fxg6 hxg6 27.
Rxg6+ Kf7 28. Rgg1 Rh8 1/2-1/2

[Event "NM Junior Gruppe D 2002"]
[Site "Tjele"]
[Date "2002.02.14"]
[Round "1"]
[White "Mortensen, Rogvi"]
[Black "Kristjansson, Atli Freyr"]
[Result "1/2-1/2"]
[WhiteElo "1270"]
[BlackElo "1290"]
[PlyCount "51"]
[EventDate "2002.??.??"]

1. d4 d5 2. c4 e6 3. Nc3 Nf6 4. Nf3 Nbd7 5. e3 b6 6. cxd5 exd5 7. Bd3 Bb7 8.
O-O Bb4 9. Qc2 O-O 10. a3 Bxc3 11. Qxc3 Rc8 12. b4 c5 13. bxc5 bxc5 14. Rb1 Ba8
15. Bd2 Re8 16. Rfc1 Qe7 17. Rb5 c4 18. Bf5 Rb8 19. Rcb1 Rxb5 20. Rxb5 Ne4 21.
Bxe4 Qxe4 22. Ra5 Qb1+ 23. Qc1 Qb6 24. Ra4 h6 25. Rb4 Qd6 26. Bc3 1/2-1/2

[Event "NM Junior Gruppe D 2002"]
[Site "Tjele"]
[Date "2002.02.14"]
[Round "1"]
[White "Myller, Janne"]
[Black "Oksa, Jaakko"]
[Result "1/2-1/2"]
[WhiteElo "1459"]
[BlackElo "1479"]
[PlyCount "24"]
[EventDate "2002.??.??"]

1. d4 Nf6 2. c4 g6 3. Nc3 Bg7 4. e4 O-O 5. f3 d6 6. Be3 c6 7. Nge2 Nbd7 8. Qd2
a6 9. Bh6 b5 10. Bxg7 Kxg7 11. Ng3 Qa5 12. cxb5 axb5 1/2-1/2

[Event "NM Junior Gruppe D 2002"]
[Site "Tjele"]
[Date "2002.02.14"]
[Round "2"]
[White "Fogh, Jens Olaf Svanholm"]
[Black "Mortensen, Rogvi"]
[Result "1-0"]
[WhiteElo "1200"]
[BlackElo "1270"]
[PlyCount "57"]
[EventDate "2002.??.??"]

1. d4 d5 2. c4 e6 3. Nc3 Nf6 4. Bg5 Nbd7 5. a3 Be7 6. Nf3 c6 7. e3 O-O 8. Rc1
h6 9. Bf4 Nh5 10. Qc2 Nxf4 11. exf4 dxc4 12. Bxc4 Nb6 13. Bd3 Bf6 14. Ne2 Nd5
15. Ne5 Qa5+ 16. Kf1 Qd8 17. g4 Re8 18. Nf3 Qd6 19. Ne5 Nxf4 20. Nxf4 Qxd4 21.
Bh7+ Kf8 22. Ned3 e5 23. Ne2 Qxg4 24. Qc5+ Be7 25. Qe3 Bg5 26. Qc5+ Be7 27. Qc3
Bf6 28. Rg1 g6 29. Rxg4 1-0

[Event "NM Junior Gruppe D 2002"]
[Site "Tjele"]
[Date "2002.02.14"]
[Round "2"]
[White "Kristjansson, Atli Freyr"]
[Black "Myller, Janne"]
[Result "0-1"]
[WhiteElo "1290"]
[BlackElo "1459"]
[PlyCount "148"]
[EventDate "2002.??.??"]

1. e4 e5 2. Nf3 Nc6 3. Bc4 Bc5 4. c3 Nf6 5. d4 exd4 6. cxd4 Bb4+ 7. Bd2 Nxe4 8.
Bxb4 Nxb4 9. Qb3 d5 10. Qxb4 dxc4 11. Qxc4 O-O 12. O-O Be6 13. Qe2 Ng5 14. Nxg5
Qxg5 15. Qe5 Qd8 16. Nc3 c6 17. Rad1 Re8 18. Qh5 Rc8 19. h3 Bc4 20. Rfe1 Qd7
21. Qc5 Rxe1+ 22. Rxe1 Be6 23. Qe5 Rd8 24. Rd1 f6 25. Qe3 Bd5 26. Nxd5 Qxd5 27.
Qe7 a5 28. Re1 Qd7 29. Qe6+ Qxe6 30. Rxe6 Rc8 31. Re7 b6 32. a3 Kf8 33. Rb7 b5
34. b4 axb4 35. axb4 Rd8 36. Rc7 Rxd4 37. Rxc6 Rxb4 38. Rc8+ Kf7 39. Rc7+ Kg6
40. g3 Rb1+ 41. Kg2 b4 42. Rb7 b3 43. f4 b2 44. g4 h5 45. gxh5+ Kxh5 46. Rb5+
Kg6 47. h4 Kh6 48. f5 Kh5 49. Rb4 Re1 50. Rxb2 Kxh4 51. Kf3 Rg1 52. Kf4 Rf1+
53. Ke4 Kg3 54. Rb3+ Kg4 55. Rb5 Rf4+ 56. Ke3 Rxf5 57. Rb1 g5 58. Rg1+ Kh5 59.
Rh1+ Kg6 60. Ke4 g4 61. Rg1 Kg5 62. Ke3 Rf3+ 63. Ke2 f5 64. Rg2 Kh4 65. Rh2+
Kg3 66. Rh1 Rf2+ 67. Ke3 f4+ 68. Ke4 f3 69. Rg1+ Rg2 70. Rf1 f2 71. Ke3 Kh2 72.
Rd1 g3 73. Kf3 Rg1 74. Rxg1 Kxg1 0-1

[Event "NM Junior Gruppe D 2002"]
[Site "Tjele"]
[Date "2002.02.14"]
[Round "2"]
[White "Oksa, Jaakko"]
[Black "Dragicevic, Drazen"]
[Result "1/2-1/2"]
[WhiteElo "1479"]
[BlackElo "1966"]
[PlyCount "75"]
[EventDate "2002.??.??"]

1. Nf3 d5 2. g3 g6 3. Bg2 Bg7 4. O-O Nf6 5. d3 O-O 6. Nbd2 c5 7. e4 Nc6 8. c3
Qc7 9. Re1 Rd8 10. e5 Nd7 11. d4 cxd4 12. cxd4 Nb4 13. Ng5 h6 14. Nxf7 Kxf7 15.
e6+ Kg8 16. exd7 Qxd7 17. Nb3 Rf8 18. a3 Nc6 19. Bf4 Qf5 20. Qd2 Bd7 21. Rac1
g5 22. Be5 e6 23. Bxg7 Kxg7 24. Nc5 Bc8 25. Qe3 Rf6 26. Bf1 h5 27. Rc3 Qg4 28.
h3 Qxd4 29. Qxg5+ Kf8 30. Rce3 Rf5 31. Qh6+ Qg7 32. Nxe6+ Bxe6 33. Qxe6 Qf7 34.
Qd6+ Kg8 35. Re6 Rxf2 36. Rg6+ Kh8 37. Rh6+ Kg8 38. Bg2 1/2-1/2

[Event "NM Junior Gruppe D 2002"]
[Site "Tjele"]
[Date "2002.02.14"]
[Round "2"]
[White "Skjoldan, Benjamin"]
[Black "Carlsen, Magnus"]
[Result "0-1"]
[WhiteElo "1762"]
[BlackElo "2127"]
[PlyCount "88"]
[EventDate "2002.??.??"]

1. d4 Nf6 2. Nf3 d5 3. c4 c6 4. Nc3 e6 5. e3 Nbd7 6. Be2 Bd6 7. O-O O-O 8. b3
b6 9. Bb2 Bb7 10. Qc2 Qe7 11. Rfe1 Rac8 12. Rad1 c5 13. Nb5 Bb8 14. dxc5 Nxc5
15. Nbd4 dxc4 16. Bxc4 Rfd8 17. Qe2 Nd5 18. a3 Ne4 19. Rc1 Ndf6 20. Red1 Ng4
21. h3 Ngxf2 22. Rf1 Bg3 23. Qc2 Qc7 24. Nxe6 fxe6 25. Bxe6+ Kh8 26. Bxc8 Qxc8
27. Qxc8 Bxc8 28. Be5 Nd3 29. Rc4 Nxe5 30. Nxe5 Bxe5 31. Rxe4 Bf6 32. Rc1 h6
33. Rec4 Be6 34. Rc7 Bg5 35. Re1 Rd3 36. e4 a5 37. Rc6 Bxb3 38. e5 Re3 39. Rxe3
Bxe3+ 40. Kh1 Bc5 41. e6 Bd5 42. Rc8+ Kh7 43. Re8 Kg6 44. e7 Kf7 0-1

[Event "NM Junior Gruppe D 2002"]
[Site "Tjele"]
[Date "2002.02.14"]
[Round "2"]
[White "Skovgaard, Peter Nicolai"]
[Black "Hammer, Jon Ludvig"]
[Result "0-1"]
[WhiteElo "1615"]
[BlackElo "1500"]
[PlyCount "68"]
[EventDate "2002.??.??"]

1. g3 Nf6 2. Bg2 e5 3. c4 c6 4. Nc3 Na6 5. d3 d5 6. cxd5 cxd5 7. Bg5 d4 8. Ne4
Bb4+ 9. Bd2 Nxe4 10. Bxe4 Qa5 11. Bxb4 Nxb4 12. Qd2 Nc2+ 13. Kd1 Qxd2+ 14. Kxd2
Nxa1 15. Nf3 f6 16. Rxa1 O-O 17. b3 a5 18. Rc1 a4 19. bxa4 Rxa4 20. Ke1 Be6 21.
Bxb7 Rxa2 22. Nd2 Rb8 23. Bf3 Rbb2 24. Nc4 Bxc4 25. dxc4 e4 26. Bg4 f5 27. Bh3
Rxe2+ 28. Kf1 Rxf2+ 29. Kg1 Rxh2 30. Bxf5 Rag2+ 31. Kf1 e3 32. Be4 e2+ 33. Ke1
Rh1+ 34. Kd2 e1=Q+ 0-1

[Event "NM Junior Gruppe D 2002"]
[Site "Tjele"]
[Date "2002.02.15"]
[Round "3"]
[White "Blomqvist, Erik"]
[Black "Oksa, Jaakko"]
[Result "1-0"]
[WhiteElo "1634"]
[BlackElo "1479"]
[PlyCount "63"]
[EventDate "2002.??.??"]

1. d4 Nf6 2. c4 g6 3. Nc3 Bg7 4. e4 O-O 5. Be2 d6 6. Nf3 Nbd7 7. h3 e5 8. Be3
c6 9. O-O Nh5 10. d5 c5 11. a3 a5 12. Rb1 Nf4 13. b4 Nxe2+ 14. Qxe2 f5 15. Ng5
Nf6 16. bxc5 h6 17. Ne6 Bxe6 18. dxe6 f4 19. Bd2 dxc5 20. Rxb7 Qc8 21. Rfb1
Qxe6 22. R1b6 Qe8 23. Nd5 Nxd5 24. exd5 Rf7 25. Qg4 Rxb7 26. Rxb7 a4 27. Bc3
Qc8 28. Rd7 Qe8 29. Rc7 h5 30. Qg5 Ra6 31. Re7 Qb8 32. Rxg7+ 1-0

[Event "NM Junior Gruppe D 2002"]
[Site "Tjele"]
[Date "2002.02.15"]
[Round "3"]
[White "Fogh, Jens Olaf Svanholm"]
[Black "Dragicevic, Drazen"]
[Result "0-1"]
[WhiteElo "1200"]
[BlackElo "1966"]
[PlyCount "101"]
[EventDate "2002.??.??"]

1. d4 Nf6 2. c4 g6 3. Nc3 d5 4. Bg5 c6 5. Nf3 Bg7 6. e3 O-O 7. Rc1 Bg4 8. Bxf6
Bxf6 9. cxd5 cxd5 10. Qb3 Bxf3 11. gxf3 e6 12. Qxb7 Nd7 13. Bb5 Nb6 14. Bc6 Qd6
15. a3 Rfb8 16. Nb5 Qf8 17. Qa6 Rc8 18. Nxa7 Rc7 19. Ke2 Nc4 20. Bxa8 Qxa8 21.
Qa4 Rxa7 22. Qc2 Rb7 23. Rb1 Qa6 24. Qd3 Qd6 25. b4 e5 26. dxe5 Nxe5 27. Qc2
Qa6+ 28. Kd1 Kg7 29. a4 d4 30. b5 Qd6 31. exd4 Qxd4+ 32. Ke2 Qd5 33. Qe4 Qa2+
34. Kf1 Re7 35. Kg2 Nc4 36. Ra1 Bxa1 37. Qxe7 Bd4 38. Qh4 Ne3+ 39. Kh3 Nf5 40.
Qg4 Qxa4 41. Rb1 Qc2 42. Rb4 Qxf2 43. f4 Qf1+ 44. Qg2 Qxf4 45. Rxd4 Qxd4 46.
Qg4 Qd3+ 47. Qg3 Nxg3 48. hxg3 Qxb5 49. g4 Qd3+ 50. Kh4 Kf6 51. g5+ 0-1

[Event "NM Junior Gruppe D 2002"]
[Site "Tjele"]
[Date "2002.02.15"]
[Round "3"]
[White "Hammer, Jon Ludvig"]
[Black "Carlsen, Magnus"]
[Result "0-1"]
[WhiteElo "1500"]
[BlackElo "2127"]
[PlyCount "80"]
[EventDate "2002.??.??"]

1. Nf3 d5 2. c4 c6 3. b3 dxc4 4. bxc4 e5 5. Bb2 e4 6. Nd4 Nf6 7. e3 Bd6 8. Be2
O-O 9. O-O Be5 10. Qc2 Bg4 11. f3 Bh5 12. Nf5 Qc7 13. Bxe5 Qxe5 14. Nd4 c5 15.
Nb3 Nc6 16. Nc3 exf3 17. Bxf3 Bg6 18. Qd1 Bd3 19. Be2 Rad8 20. Bxd3 Rxd3 21.
Qf3 Rfd8 22. Qf5 b6 23. Rab1 h6 24. a4 Qe6 25. Qxe6 fxe6 26. Rf4 R3d7 27. Ne4
Nxe4 28. Rxe4 e5 29. Rb2 Kf7 30. Kf2 g5 31. g4 Ke6 32. Ke2 Rf7 33. Rb1 Rdf8 34.
Rh1 Nb4 35. d4 Rf2+ 36. Kd1 Nd3 37. d5+ Kd6 38. Nc1 Nb2+ 39. Ke1 Rc2 40. Nb3
Rc3 0-1

[Event "NM Junior Gruppe D 2002"]
[Site "Tjele"]
[Date "2002.02.15"]
[Round "3"]
[White "Kristjansson, Atli Freyr"]
[Black "Skovgaard, Peter Nicolai"]
[Result "1-0"]
[WhiteElo "1290"]
[BlackElo "1615"]
[PlyCount "109"]
[EventDate "2002.??.??"]

1. e4 c5 2. Nf3 d6 3. d4 cxd4 4. Nxd4 Nf6 5. Nc3 g6 6. Be3 Bg7 7. f3 O-O 8. Qd2
Nc6 9. O-O-O Bd7 10. g4 Qa5 11. Kb1 Rfc8 12. h4 Ne5 13. h5 Nc4 14. Bxc4 Rxc4
15. hxg6 fxg6 16. g5 Nh5 17. Nd5 Qxd2 18. Rxd2 e6 19. Nc3 Be5 20. Nce2 Rf8 21.
Rf1 Nf4 22. Nxf4 Bxf4 23. Bxf4 Rxf4 24. Ne2 Rf7 25. Nc3 Rc6 26. Nb5 Rc5 27.
Nxd6 Re7 28. f4 Bc6 29. e5 Rd7 30. Rff2 Bd5 31. b3 a6 32. Nc4 Rf7 33. Nd6 Rf8
34. c4 Bh1 35. Rh2 Bf3 36. b4 Rc7 37. Rd4 Bc6 38. Ne4 Bxe4+ 39. Rxe4 Rcf7 40.
Rf2 Rf5 41. Rd2 Rxf4 42. Rxf4 Rxf4 43. Rd8+ Kg7 44. Rd7+ Rf7 45. Rxf7+ Kxf7 46.
a4 h5 47. gxh6 g5 48. h7 Kg7 49. h8=Q+ Kxh8 50. Kc1 Kg8 51. b5 Kf7 52. c5 a5
53. b6 Ke8 54. c6 Kd8 55. cxb7 1-0

[Event "NM Junior Gruppe D 2002"]
[Site "Tjele"]
[Date "2002.02.15"]
[Round "3"]
[White "Skjoldan, Benjamin"]
[Black "Myller, Janne"]
[Result "1-0"]
[WhiteElo "1762"]
[BlackElo "1459"]
[PlyCount "49"]
[EventDate "2002.??.??"]

1. d4 d5 2. c4 e6 3. Nc3 Nf6 4. Nf3 Nbd7 5. e3 b6 6. Be2 Bb7 7. O-O Be7 8. b3
O-O 9. Bb2 c5 10. cxd5 Nxd5 11. Nxd5 Bxd5 12. Bc4 Bxf3 13. Qxf3 cxd4 14. Bxd4
Bf6 15. Rad1 Bxd4 16. Rxd4 Qe7 17. Qb7 Rad8 18. Rfd1 Qf6 19. Rxd7 Rxd7 20. Qxd7
a5 21. Qd6 Qb2 22. Qxb6 Qxa2 23. Qd4 Qa3 24. Ra1 Qb4 25. Qa7 1-0

[Event "NM Junior Gruppe D 2002"]
[Site "Tjele"]
[Date "2002.02.15"]
[Round "4"]
[White "Dragicevic, Drazen"]
[Black "Carlsen, Magnus"]
[Result "0-1"]
[WhiteElo "1966"]
[BlackElo "2127"]
[PlyCount "104"]
[EventDate "2002.??.??"]

1. e4 c5 2. Nf3 Nc6 3. d4 cxd4 4. Nxd4 Nf6 5. Nc3 e6 6. Be3 Bb4 7. Bd3 d5 8.
O-O Bxc3 9. bxc3 dxe4 10. Bb5 Bd7 11. Bxc6 Bxc6 12. Nxc6 bxc6 13. Bc5 Qd5 14.
Ba3 Qxd1 15. Rfxd1 Nd5 16. c4 Nb6 17. Rd4 f5 18. Bd6 Rd8 19. Rad1 Kf7 20. c5
Nc8 21. Be5 Rd5 22. Rxd5 exd5 23. Rb1 Re8 24. Bf4 d4 25. Kf1 Kf6 26. h4 h6 27.
Rb7 g5 28. hxg5+ hxg5 29. Bc1 Rd8 30. Rc7 Ne7 31. Rxa7 Rb8 32. Ke2 f4 33. Ra6
Rb1 34. Bd2 e3 35. fxe3 fxe3 36. Be1 Rc1 37. Ra4 Ke5 38. c3 d3+ 39. Kxe3 Rxe1+
40. Kxd3 Nd5 41. Ra6 Nf4+ 42. Kd2 Re2+ 43. Kd1 Rxg2 44. Rxc6 g4 45. Rc8 g3 46.
Rg8 Rg1+ 47. Kd2 g2 48. c6 Kd6 49. Ke3 Re1+ 50. Kf2 Rf1+ 51. Ke3 g1=Q+ 52. Rxg1
Nd5+ 0-1

[Event "NM Junior Gruppe D 2002"]
[Site "Tjele"]
[Date "2002.02.15"]
[Round "4"]
[White "Myller, Janne"]
[Black "Blomqvist, Erik"]
[Result "0-1"]
[WhiteElo "1459"]
[BlackElo "1634"]
[PlyCount "90"]
[EventDate "2002.??.??"]

1. d4 d5 2. Nf3 Nf6 3. c4 e6 4. Nc3 b6 5. e3 Bb7 6. Be2 Be7 7. b3 O-O 8. Bb2
Nbd7 9. O-O c5 10. cxd5 Nxd5 11. Nxd5 Bxd5 12. Bc4 Bf6 13. Rb1 Be4 14. Bd3 Bxd3
15. Qxd3 cxd4 16. Bxd4 Nc5 17. Qd1 Ne4 18. Bxf6 Qxf6 19. Qd4 Qxd4 20. exd4 Nc3
21. Rb2 Rac8 22. h3 Rc7 23. Kh2 Nd5 24. Ne5 b5 25. Nd3 Rfc8 26. a4 Rc3 27. Nc5
b4 28. Re1 g6 29. Rbb1 h5 30. Rec1 e5 31. Rxc3 bxc3 32. Nd3 exd4 33. b4 c2 34.
Rc1 Rc3 35. b5 Rxd3 36. Rxc2 Ra3 37. Rc4 d3 38. Rd4 Nb6 39. a5 Rxa5 40. Rxd3
Rxb5 41. Ra3 a5 42. f3 a4 43. Kg3 Rb3 44. Ra2 a3 45. Kf2 Rb2+ 0-1

[Event "NM Junior Gruppe D 2002"]
[Site "Tjele"]
[Date "2002.02.15"]
[Round "4"]
[White "Oksa, Jaakko"]
[Black "Kristjansson, Atli Freyr"]
[Result "1-0"]
[WhiteElo "1479"]
[BlackElo "1290"]
[PlyCount "111"]
[EventDate "2002.??.??"]

1. Nf3 d5 2. g3 g6 3. Bg2 Bg7 4. d3 Nf6 5. O-O O-O 6. Nbd2 c5 7. e4 Nc6 8. c3
Qc7 9. Re1 Rd8 10. Qc2 e6 11. e5 Nd7 12. d4 cxd4 13. cxd4 Nb6 14. Nf1 Rd7 15.
Qd1 Nb4 16. Be3 Nc4 17. b3 Nxe3 18. Nxe3 Bh6 19. Ng4 Bg7 20. Qd2 Nc6 21. Nf6+
Bxf6 22. exf6 Qd8 23. Qf4 Qf8 24. g4 b6 25. Re3 h6 26. Rd1 Ba6 27. Bf1 Bxf1 28.
Kxf1 Kh7 29. Ng5+ Kg8 30. Nf3 Qd8 31. Ne5 Nxe5 32. Rxe5 Rb7 33. Rd3 Kh7 34. Rh3
Qf8 35. Rh4 Rc8 36. Re3 Rc1+ 37. Kg2 h5 38. gxh5 g5 39. Qxg5 Qg8 40. Qxg8+ Kxg8
41. Rg3+ Kh7 42. Rg5 Rc8 43. h6 a5 44. Rg7+ Kh8 45. h7 Rbb8 46. Kh3 Rf8 47.
Rhg4 b5 48. Kg2 Rbc8 49. h4 b4 50. h5 Rcd8 51. Kg3 Rc8 52. Kf4 Rb8 53. Ke5 Rbd8
54. f3 Rd7 55. Rg8+ Kxh7 56. R4g7+ 1-0

[Event "NM Junior Gruppe D 2002"]
[Site "Tjele"]
[Date "2002.02.15"]
[Round "4"]
[White "Skjoldan, Benjamin"]
[Black "Hammer, Jon Ludvig"]
[Result "1/2-1/2"]
[WhiteElo "1762"]
[BlackElo "1500"]
[PlyCount "86"]
[EventDate "2002.??.??"]

1. Nf3 Nf6 2. g3 d5 3. c4 c6 4. b3 e6 5. Bb2 b5 6. Bg2 Qb6 7. Qc2 bxc4 8. bxc4
Nbd7 9. cxd5 cxd5 10. Bd4 Bc5 11. Bxc5 Qxc5 12. Qxc5 Nxc5 13. Nc3 Ke7 14. d4
Nce4 15. Nxe4 Nxe4 16. Nd2 Nxd2 17. Kxd2 Rb8 18. Rab1 Ba6 19. Rhc1 Bc4 20. a3
Rb6 21. Rb4 Rhb8 22. Rcb1 Kd6 23. Bf3 Kc6 24. e3 Rxb4 25. Rxb4 Rxb4 26. axb4
Kb5 27. Kc3 a5 28. bxa5 Kxa5 29. Bd1 Kb5 30. Bc2 g6 31. g4 Be2 32. g5 Bc4 33.
Bd1 Bf1 34. f3 Bc4 35. e4 Ka5 36. h4 Kb5 37. e5 Ka6 38. f4 Kb5 39. h5 Ka6 40.
hxg6 hxg6 41. Bc2 Be2 42. Kb3 Bc4+ 43. Ka3 Bb5 1/2-1/2

[Event "NM Junior Gruppe D 2002"]
[Site "Tjele"]
[Date "2002.02.15"]
[Round "4"]
[White "Skovgaard, Peter Nicolai"]
[Black "Mortensen, Rogvi"]
[Result "1-0"]
[WhiteElo "1615"]
[BlackElo "1270"]
[PlyCount "63"]
[EventDate "2002.??.??"]

1. g3 d5 2. Bg2 Nf6 3. c4 e6 4. cxd5 exd5 5. e3 c6 6. Ne2 Bd6 7. O-O Bf5 8.
Nbc3 Bd3 9. Re1 Nbd7 10. Nf4 Ne5 11. Nxd3 Nxd3 12. Re2 Qa5 13. Qc2 Qa6 14. f4
Bb4 15. Bf1 c5 16. e4 dxe4 17. Nxe4 O-O-O 18. Nxf6 Qxf6 19. Re3 Nxf4 20. gxf4
Qxf4 21. a3 Ba5 22. Qxc5+ Bc7 23. Bg2 Rhe8 24. Qxa7 Qxh2+ 25. Kf1 Qf4+ 26. Rf3
Qe5 27. Bh3+ Rd7 28. Qa8+ Bb8 29. Bxd7+ Kxd7 30. Qxb7+ Kd8 31. Qb6+ Ke7 32.
Rxf7+ 1-0

[Event "NM Junior Gruppe D 2002"]
[Site "Tjele"]
[Date "2002.02.16"]
[Round "5"]
[White "Carlsen, Magnus"]
[Black "Blomqvist, Erik"]
[Result "0-1"]
[WhiteElo "2127"]
[BlackElo "1634"]
[PlyCount "94"]
[EventDate "2002.??.??"]

1. Nf3 Nf6 2. c4 g6 3. Nc3 Bg7 4. e4 d6 5. d4 O-O 6. Be2 e5 7. Be3 Nc6 8. d5
Ne7 9. Nd2 Ne8 10. g4 f5 11. f3 fxg4 12. fxg4 Nxd5 13. Bf2 Ne3 14. Qb3 Nxg4 15.
Bxg4 Bxg4 16. Nd5 c6 17. Ne3 Bh5 18. O-O Bh6 19. Bg3 Qb6 20. Rxf8+ Kxf8 21. Bf2
Qxb3 22. axb3 c5 23. Nb1 Nf6 24. Nd2 Ke7 25. Re1 Rf8 26. Bh4 Ke6 27. Bxf6 Rxf6
28. Kg2 Bf4 29. Ndf1 Bxe3 30. Rxe3 Rf4 31. Nd2 Bd1 32. Rc3 a6 33. Rc1 Be2 34.
Kg3 h5 35. Kg2 Kf6 36. Rc3 b5 37. Re3 Bd1 38. h3 Bc2 39. Re1 Ke6 40. Kg3 g5 41.
Kg2 b4 42. Re3 g4 43. h4 a5 44. Kg3 Rf8 45. Re1 a4 46. bxa4 Bxa4 47. b3 Bxb3
0-1

[Event "NM Junior Gruppe D 2002"]
[Site "Tjele"]
[Date "2002.02.16"]
[Round "5"]
[White "Dragicevic, Drazen"]
[Black "Hammer, Jon Ludvig"]
[Result "0-1"]
[WhiteElo "1966"]
[BlackElo "1500"]
[PlyCount "84"]
[EventDate "2002.??.??"]

1. e4 e5 2. Nf3 Nf6 3. Nc3 Nc6 4. Bc4 Bc5 5. O-O O-O 6. d3 d6 7. h3 h6 8. Be3
Bb6 9. Re1 Na5 10. Bb3 Re8 11. d4 exd4 12. Bxd4 Nc6 13. Bxb6 axb6 14. e5 dxe5
15. Qxd8 Nxd8 16. Nxe5 Be6 17. Rad1 Bxb3 18. axb3 Nc6 19. Nc4 Kf8 20. Nb5 Rxe1+
21. Rxe1 Ne8 22. f3 Rd8 23. Kf2 Rd7 24. c3 Na5 25. Nxa5 bxa5 26. Re2 Nd6 27.
Nd4 Re7 28. Rxe7 Kxe7 29. Ke3 c5 30. Ne2 a4 31. Nc1 axb3 32. Nxb3 Nc4+ 33. Ke4
Kd6 34. f4 Nxb2 35. Nd2 b5 36. h4 Nd1 37. Kd3 f5 38. g3 Kd5 39. Kc2 Nf2 40. h5
Nh1 41. Nf1 Ke4 42. Kd2 Kf3 0-1

[Event "NM Junior Gruppe D 2002"]
[Site "Tjele"]
[Date "2002.02.16"]
[Round "5"]
[White "Kristjansson, Atli Freyr"]
[Black "Fogh, Jens Olaf Svanholm"]
[Result "1-0"]
[WhiteElo "1290"]
[BlackElo "1200"]
[PlyCount "129"]
[EventDate "2002.??.??"]

1. e4 c5 2. Nf3 d6 3. d4 cxd4 4. Nxd4 Nf6 5. Nc3 g6 6. Be3 Bg7 7. f3 O-O 8. Qd2
Nc6 9. O-O-O Nxd4 10. Bxd4 Be6 11. g4 Qa5 12. Kb1 Rfc8 13. h4 Rab8 14. h5 b5
15. h6 Bh8 16. a3 a6 17. g5 Ne8 18. Bxh8 Kxh8 19. Qd4+ Kg8 20. Nd5 Bxd5 21.
exd5 b4 22. Qd2 Rc5 23. Ka2 Qa4 24. Rc1 Rxc2 25. Rxc2 b3+ 26. Kb1 bxc2+ 27.
Qxc2 Qxc2+ 28. Kxc2 Rc8+ 29. Kb1 a5 30. Rh4 Rc5 31. Bc4 f6 32. gxf6 Nxf6 33.
Rd4 Kf7 34. b4 axb4 35. axb4 Rc7 36. f4 Rb7 37. Be2 Nd7 38. Bg4 Nc5 39. Kc2 Na6
40. Kc3 Kf6 41. Re4 Nc7 42. Kc4 Na6 43. Kc3 Rb5 44. Rd4 Rb8 45. Re4 Rb5 46. Be2
Rb6 47. Bxa6 Rxa6 48. Re6+ Kf7 49. Kb3 Ke8 50. b5 Ra7 51. Kb4 Rd7 52. b6 Kd8
53. Kb5 Kc8 54. Kc6 Rb7 55. Re1 g5 56. fxg5 e6 57. Rxe6 Rc7+ 58. Kxd6 Rd7+ 59.
Kc5 Kb7 60. g6 hxg6 61. Rxg6 Rc7+ 62. bxc7 Ka7 63. Rg7 Ka6 64. c8=Q+ Ka5 65.
Ra7# 1-0

[Event "NM Junior Gruppe D 2002"]
[Site "Tjele"]
[Date "2002.02.16"]
[Round "5"]
[White "Mortensen, Rogvi"]
[Black "Myller, Janne"]
[Result "0-1"]
[WhiteElo "1270"]
[BlackElo "1459"]
[PlyCount "56"]
[EventDate "2002.??.??"]

1. d4 Nf6 2. c4 e6 3. Nc3 Bb4 4. Bg5 h6 5. Bh4 Bxc3+ 6. bxc3 d5 7. Nf3 Nbd7 8.
cxd5 exd5 9. e3 c6 10. c4 Qa5+ 11. Qd2 Qxd2+ 12. Nxd2 O-O 13. cxd5 Nxd5 14. Bd3
N7b6 15. O-O Be6 16. a3 g5 17. Bg3 f5 18. e4 fxe4 19. Nxe4 Nf4 20. Bc2 Ne2+ 21.
Kh1 Nxd4 22. Bd1 Nd5 23. Bh5 Bf7 24. Bxf7+ Rxf7 25. Ra2 Nf5 26. f3 Nxg3+ 27.
Nxg3 Re8 28. Ne4 Rxe4 0-1

[Event "NM Junior Gruppe D 2002"]
[Site "Tjele"]
[Date "2002.02.16"]
[Round "5"]
[White "Oksa, Jaakko"]
[Black "Skjoldan, Benjamin"]
[Result "1-0"]
[WhiteElo "1479"]
[BlackElo "1762"]
[PlyCount "57"]
[EventDate "2002.??.??"]

1. Nf3 Nf6 2. g3 d5 3. Bg2 e6 4. O-O Be7 5. d3 O-O 6. Nbd2 c5 7. e4 Nc6 8. c3
b6 9. Re1 Bb7 10. e5 Nd7 11. a3 Qc7 12. d4 Rae8 13. Nf1 f6 14. Bf4 fxe5 15.
dxe5 Rf7 16. h4 g6 17. N1h2 Bf8 18. Ng5 Rfe7 19. Ng4 Kh8 20. Nf6 Rc8 21. h5
Ndxe5 22. Qe2 Bg7 23. Ng4 h6 24. Nh3 Nf3+ 25. Bxf3 e5 26. Bd2 e4 27. Bg2 gxh5
28. Ne3 h4 29. Nxd5 1-0

[Event "NM Junior Gruppe D 2002"]
[Site "Tjele"]
[Date "2002.02.16"]
[Round "6"]
[White "Carlsen, Magnus"]
[Black "Oksa, Jaakko"]
[Result "1-0"]
[WhiteElo "2127"]
[BlackElo "1479"]
[PlyCount "33"]
[EventDate "2002.??.??"]

1. b3 Nf6 2. Bb2 c5 3. Nf3 Nc6 4. e3 g6 5. d4 cxd4 6. exd4 d5 7. Bd3 Bg7 8. O-O
O-O 9. a3 Ne4 10. Nbd2 Bf5 11. Qe2 Nxd2 12. Qxd2 Be4 13. Ne5 Nxe5 14. dxe5 Qc7
15. Qe3 Bxe5 16. Bxe5 Qxe5 17. f3 1-0

[Event "NM Junior Gruppe D 2002"]
[Site "Tjele"]
[Date "2002.02.16"]
[Round "6"]
[White "Dragicevic, Drazen"]
[Black "Kristjansson, Atli Freyr"]
[Result "1-0"]
[WhiteElo "1966"]
[BlackElo "1290"]
[PlyCount "95"]
[EventDate "2002.??.??"]

1. e4 e5 2. Nf3 Nc6 3. Bc4 Bc5 4. c3 Nf6 5. d3 O-O 6. O-O h6 7. b4 Bb6 8. a4 a6
9. Ba3 Re8 10. Qb3 Rf8 11. Re1 d6 12. h3 Qe7 13. Nbd2 Be6 14. Rad1 Rad8 15. Qc2
Qe8 16. Ba2 Qd7 17. Bxe6 Qxe6 18. Nf1 Rfe8 19. Ng3 Nh7 20. d4 Qg6 21. b5 axb5
22. axb5 Ne7 23. Kh2 Qf6 24. Rd3 Ng6 25. Red1 c6 26. bxc6 bxc6 27. Nh5 Qe6 28.
d5 cxd5 29. Rxd5 Bc7 30. Qd2 Ne7 31. Rd3 Nc8 32. Ng3 Nf6 33. Nh4 Rd7 34. Nhf5
Red8 35. Nxg7 Kxg7 36. Nf5+ Kg8 37. Rg3+ Ng4+ 38. Rxg4+ Kf8 39. Nxh6 Ne7 40.
Qg5 Qg6 41. Qh4 Qh7 42. Qf6 Ng6 43. Nf5 Qh8 44. Rxg6 Qxf6 45. Rxf6 Rb8 46. Rh6
Kg8 47. Rd3 d5 48. Rg3# 1-0